Spell the Marvel Character #147 - Statistics

General Stats
  • This quiz has been taken 28 times
  • The average score is 8 of 11
Answer Stats
Picture Answer % Correct
Thor
100%
Iron Man
95%
Thing
86%
Rogue
82%
Emma Frost
77%
Yelena Belova
68%
Yellowjacket
68%
Dazzler
64%
Kitty Pryde
55%
Pixie
41%
Kid Colt
27%
No matching quizzes found
Score Distribution
Percent of People with Each Score
Percentile by Number Answered
Your Score History
You have not taken this quiz